Creative and knowledge society international scientific journal

Saved in:
Bibliographic Details
Format: Serial
Language:Slovak
Published: Bratislava Paneurópska vysoká škola 2017
Tags: Add Tag
No Tags, Be the first to tag this record!

MARC

LEADER 00000nas2a2200000 4500
001 0253380
005 20190503144843.4
022 |a 1338-5283 
041 0 |a slo 
044 |a SK 
245 1 0 |a Creative and knowledge society  |b international scientific journal 
264 1 |a Bratislava  |b Paneurópska vysoká škola  |c 2017 
773 0 |w eu_un_cat*0150203